Tasmanian Bryophyta /

Saved in:
Bibliographic Details
Main Author: Rodway, Leonard, 1853-1936.
Format: Book
Language:English
Published: Hobart : Royal Society of Tasmania, 1914-
Subjects:
Tags: Add Tag
No Tags, Be the first to tag this record!
LEADER 01095nam a2200265Ia 4500
001 005683074-2
005 20020606163548.3
008 850808r19141912at 001 0 eng d
035 0 |a ocm12364085 
040 |a VXG  |c VXG  |d BOH 
043 |a u-at-tm 
050 4 |a QK533.84.A8  |b R63 1914 
090 |a QK533.84.A8  |b R63 1914 
100 1 |a Rodway, Leonard,  |d 1853-1936. 
245 1 0 |a Tasmanian Bryophyta /  |c by Leonard Rodway. 
260 |a Hobart :  |b Royal Society of Tasmania,  |c 1914- 
300 |a v. ;  |c 22 cm. 
500 |a Includes index. 
500 |a Vol. 1 reprinted from the Papers and proceedings of the Royal Society of Tasmania for 1912 (p. 3-24, 87-138) and for 1913 (p. 177-263), 1914; Additions to the bryophyte flora, same, for 1916, p. 44-47, 1917; Hepatics, same for 1916, p. 51-143, 1917. 
505 1 |a v. 1. Mosses. 
650 0 |a Mosses  |z Australia  |z Tasmania. 
650 0 |a Liverworths  |z Australia  |z Tasmania. 
776 0 8 |i Online version:  |a Rodway, Leonard, 1853-1936.  |t Tasmanian Bryophyta.  |d Hobart : Royal Society of Tasmania, 1914-  |w (OCoLC)904784458 
988 |a 20020608 
906 |0 OCLC